| 000 | 00402nam a2200157Ia 4500 | ||
|---|---|---|---|
| 008 | 240126s9999 xx 000 0 und d | ||
| 022 | _a0972-3528 | ||
| 041 | _aEnglish | ||
| 082 | _aLIBRARY-J8 | ||
| 245 | 0 | _aManagement Accountant (2016 - | |
| 260 |
_bBusiness Standard _aNew Delhi |
||
| 440 | _aNULL | ||
| 650 | _aManagement | ||
| 650 | _aManagement,Accountant,(2016,-,Management | ||
| 942 | _cJN | ||
| 999 |
_c284499 _d284499 |
||